The accounting wars
Accounting Wars is an investigation of changes occurring in the newly competitive world of the "Big Eight" accounting firms, driving them to search for tax specialty markets here and untapped areas overseas. Using generally accepted reviewing methods, PW called this "intriguing readin...
Saved in:
| Main Author: | |
|---|---|
| Format: | Book |
| Language: | Undetermined |
| Published: |
New York
Macmillan Publishing Company
1985
|
| Subjects: | |
| Tags: |
Add Tag
No Tags, Be the first to tag this record!
|
| Institutions: | Trung tâm Học liệu Trường Đại học Cần Thơ |
|---|
| LEADER | 00812nam a2200205Ia 4500 | ||
|---|---|---|---|
| 001 | CTU_98738 | ||
| 008 | 210402s9999 xx 000 0 und d | ||
| 082 | |a 338.7 | ||
| 082 | |b S844/1985 | ||
| 100 | |a Stevens, Mark | ||
| 245 | 4 | |a The accounting wars | |
| 245 | 0 | |c Mark Stevens | |
| 260 | |a New York | ||
| 260 | |b Macmillan Publishing Company | ||
| 260 | |c 1985 | ||
| 520 | |a Accounting Wars is an investigation of changes occurring in the newly competitive world of the "Big Eight" accounting firms, driving them to search for tax specialty markets here and untapped areas overseas. Using generally accepted reviewing methods, PW called this "intriguing reading." | ||
| 650 | |a Accounting firms | ||
| 650 | |z United states | ||
| 904 | |i Tuyến | ||
| 980 | |a Trung tâm Học liệu Trường Đại học Cần Thơ | ||